000 00482nam a2200193Ia 4500
008 101110s9999 xx 000 0 und d
041 _aENGLISH
082 _bJR1778
100 _aPatkar M.G.
245 _aBook-Keeping and Accountancy Std.XI
365 _b16.5
520 _aCommerce
546 _aENGLISH
630 _aBook-Keeping and Accountancy Std.XI
650 _aCommerce
655 _aCommerce
730 _aBook-Keeping and Accountancy Std.XI
942 _cBOOK
999 _c793906
_d793903